ბათუმის შოთა რუსთაველის სახელმწიფო უნივერსიტეტის ბიბლიოთეკა

Medieval Ports and North Aegean and the Black Sea : (ბიბ.ჩანაწერი № 45516)

000 -LEADER
fixed length control field 00592nam a2200193Ia 4500
001 - CONTROL NUMBER
control field 12341
003 - CONTROL NUMBER IDENTIFIER
control field GE_BSU
005 - DATE AND TIME OF LATEST TRANSACTION
control field 20240710152327.0
008 - FIXED-LENGTH DATA ELEMENTS--GENERAL INFORMATION
fixed length control field 181216s2013||||gr |||||||||||||| ||eng||
020 ## - INTERNATIONAL STANDARD BOOK NUMBER
International Standard Book Number 9789609677011
040 ## - CATALOGING SOURCE
Transcribing agency GE_BSU
041 ## - LANGUAGE CODE
Language code of text/sound track or separate title end
080 ## - UNIVERSAL DECIMAL CLASSIFICATION NUMBER
Universal Decimal Classification number 627(063) M-46
245 ## - TITLE STATEMENT
Title Medieval Ports and North Aegean and the Black Sea :
Remainder of title Links to the Maritime Routes of the East /
Statement of responsibility, etc. Editor : Flora Karagianni.
264 ## - PRODUCTION, PUBLICATION, DISTRIBUTION, MANUFACTURE, AND COPYRIGHT NOTICE
Place of production, publication, distribution, manufacture Thessalonike :
Name of producer, publisher, distributor, manufacturer [?],
Date of production, publication, distribution, manufacture, or copyright notice 2013.
300 ## - PHYSICAL DESCRIPTION
Extent 503 c. ;
Other physical details ill.
Accompanying material Maps.
653 ## - INDEX TERM--UNCONTROLLED
keyword Medieval Ports in North Aegean and the Black Sea
942 ## - ADDED ENTRY ELEMENTS (KOHA)
Koha item type წიგნი
Source of classification or shelving scheme
ეგზემპლარები
Withdrawn status Lost status Source of classification or shelving scheme Damaged status Not for loan Permanent Location Current Location Shelving location Date acquired Full call number Barcode Date last seen Copy number Price effective from Koha item type
          ბათუმის შოთა რუსთაველის სახელმწიფო უნივერსიტეტის მთავარი ბიბლიოთეკა ბათუმის შოთა რუსთაველის სახელმწიფო უნივერსიტეტის მთავარი ბიბლიოთეკა წიგნსაცავი 2018-12-17 627(063) M-46 27110 2018-12-17 27110 2018-12-17 წიგნი